[Event "22. Copenhagen Open  (Politiken Cup)"]
[Site "Copenhagen"]
[Date "2000.07.23"]
[Round "7"]
[White "Rossen, Claus"]
[Black "Grubert, Christian"]
[Result "1/2-1/2"]
[WhiteElo "2167"]
[BlackElo "2060"]
[PlyCount "113"]
[EventDate "2000.07.17"]
[EventType "swiss"]
[EventRounds "11"]
[EventCountry "DEN"]
[SourceDate "2004.01.01"]

1. d4 d6 2. e4 Nf6 3. Nc3 g6 4. f4 Bg7 5. Nf3 O-O 6. Bd3 c5 7. dxc5 dxc5 8. e5
Nd5 9. Nxd5 Qxd5 10. Qe2 Nc6 11. c3 b6 12. h4 h5 13. Bc4 Qd8 14. Qe4 Na5 15.
Bxf7+ Rxf7 16. Qxa8 e6 17. Qe4 Rf5 18. b3 Bb7 19. Qe2 Bxf3 20. gxf3 Nc6 21. Be3
Bh6 22. Rd1 Qe8 23. Qc4 Nxe5 24. Qe4 Nf7 25. Rg1 Kh7 26. Qd3 Qe7 27. Bf2 Bxf4
28. Qd7 Qf6 29. Rd3 Kh6 30. Qc8 Ne5 31. Rd8 Nxf3+ 32. Kf1 Qf7 33. Rd7 Qf8 34.
Qxf8+ Rxf8 35. Rg2 Be5 36. Ke2 Bxc3 37. Be3+ g5 38. Bxg5+ Nxg5 39. hxg5+ Kg6
40. Re7 Rd8 41. Rxe6+ Kf5 42. Re7 h4 43. Rf7+ Kg6 44. Rf3 Be5 45. Rg4 Bg3 46.
Rd3 Rf8 47. Ra4 Rf2+ 48. Ke3 h3 49. Rxa7 h2 50. Rd1 Rg2 51. Rh1 Rg1 52. Rxh2
Bxh2 53. Rb7 Re1+ 54. Kd3 Re6 55. Kc4 Bg1 56. Kd5 Re2 57. Rxb6+ 1/2-1/2

[Event "22. Copenhagen Open  (Politiken Cup)"]
[Site "Copenhagen"]
[Date "2000.07.23"]
[Round "7"]
[White "Rubeksen, Thomas Hans"]
[Black "Greisen, Flemming Dahl"]
[Result "1-0"]
[WhiteElo "1210"]
[BlackElo "1488"]
[PlyCount "41"]
[EventDate "2000.07.17"]
[EventType "swiss"]
[EventRounds "11"]
[EventCountry "DEN"]
[SourceDate "2004.01.01"]

1. e4 e6 2. Nc3 Bb4 3. d3 d5 4. exd5 Qxd5 5. Bd2 Bxc3 6. Bxc3 Nf6 7. Qf3 Qxf3
8. Nxf3 Nc6 9. g3 O-O 10. Bg2 a5 11. O-O b5 12. Ne5 b4 13. Bxc6 Ra6 14. Bd2 Rd8
15. Be3 Nd5 16. Bb5 Ra8 17. Nc6 Nxe3 18. fxe3 Rd6 19. Ne7+ Kf8 20. Nxc8 Rxc8
21. Rf2 1-0

[Event "22. Copenhagen Open  (Politiken Cup)"]
[Site "Copenhagen"]
[Date "2000.07.23"]
[Round "7"]
[White "Rytter, Morten"]
[Black "Malvild, Robert"]
[Result "0-1"]
[WhiteElo "1576"]
[BlackElo "2029"]
[PlyCount "70"]
[EventDate "2000.07.17"]
[EventType "swiss"]
[EventRounds "11"]
[EventCountry "DEN"]
[SourceDate "2004.01.01"]

1. d4 Nf6 2. c4 g6 3. Nc3 Bg7 4. e4 O-O 5. f4 d6 6. Nf3 c5 7. d5 b5 8. cxb5 a6
9. bxa6 e6 10. Bc4 Bxa6 11. Bxa6 Nxa6 12. O-O exd5 13. exd5 Re8 14. Nd2 Nb4 15.
Nc4 Ne4 16. Bd2 Bd4+ 17. Be3 Nxc3 18. bxc3 Bxc3 19. Rc1 Rxe3 20. Nxe3 Bd4 21.
Rf3 Nxd5 22. Qb3 Nxe3 23. Rxe3 Rxa2 24. Kh1 Bxe3 25. Qxe3 Qa8 26. Rg1 Ra1 27.
h3 Rxg1+ 28. Kxg1 Qa1+ 29. Kh2 Kg7 30. h4 Qd4 31. Qxd4+ cxd4 32. Kg3 f5 33. Kf3
Kf6 34. Ke2 Ke6 35. Kd3 Kd5 0-1

[Event "22. Copenhagen Open  (Politiken Cup)"]
[Site "Copenhagen"]
[Date "2000.07.23"]
[Round "7"]
[White "Roder, Peter Ulrik"]
[Black "Ginsburg, Mark"]
[Result "1-0"]
[WhiteElo "2167"]
[BlackElo "2402"]
[Annotator "Carsten Petersen"]
[PlyCount "83"]
[EventDate "2000.07.17"]
[EventType "swiss"]
[EventRounds "11"]
[EventCountry "DEN"]
[SourceDate "2004.01.01"]

1. d4 Nf6 2. c4 c5 3. d5 g6 4. Nc3 d6 5. e4 Bg7 6. f3 O-O 7. Be3 e6 8. Bd3 a6
9. a4 exd5 10. cxd5 Nbd7 11. Nge2 Ne5 12. O-O Rb8 13. h3 Re8 14. Bg5 h6 15. Bh4
g5 16. Bg3 Nh5 17. Bh2 b5 18. axb5 Nxd3 19. Qxd3 axb5 20. g4 Qb6 21. Kg2 Nf6
22. Ng3 b4 23. Nd1 Nh7 24. Ne3 Bxb2 25. Nc4 Ba6 26. Rxa6 Qxa6 27. Nxb2 Qxd3 28.
Nxd3 c4 29. Nf5 cxd3 30. Nxh6+ Kg7 31. Nf5+ Kf6 32. Bxd6 Rb7 33. Bc5 Rc8 34.
Bd4+ Kg6 35. h4 Nf8 36. hxg5 Ne6 (36... Kxg5 37. Kg3 Kg6 38. Rh1 f6 39. Rh6+
Kf7 40. Nd6+ Kg7 41. g5 $18 {Fritz}) 37. dxe6 fxe6 38. Nh4+ Kxg5 39. Kg3 Rc4
40. f4+ Kh6 41. Rh1 e5 42. Bxe5 1-0

[Event "22. Copenhagen Open  (Politiken Cup)"]
[Site "Copenhagen"]
[Date "2000.07.23"]
[Round "7"]
[White "Ronsted, Torben"]
[Black "Bering, Anders"]
[Result "1-0"]
[WhiteElo "2114"]
[BlackElo "1943"]
[PlyCount "196"]
[EventDate "2000.07.17"]
[EventType "swiss"]
[EventRounds "11"]
[EventCountry "DEN"]
[SourceDate "2004.01.01"]

1. d4 Nf6 2. c4 e6 3. Nc3 d5 4. Bg5 Be7 5. e3 O-O 6. Nf3 h6 7. Bh4 b6 8. cxd5
exd5 9. Bd3 Nbd7 10. a3 Bb7 11. O-O Ne4 12. Bxe7 Qxe7 13. Rc1 c5 14. dxc5 Ndxc5
15. Bxe4 dxe4 16. Nd4 Ba6 17. Ncb5 Bxb5 18. Nxb5 Rfd8 19. Qh5 Qg5 20. Qxg5 hxg5
21. b4 Ne6 22. Rc4 Rd3 23. Rfc1 Rad8 24. Kf1 a6 25. Nc3 f5 26. a4 R8d6 27. Ke2
Kf7 28. Rc8 Rd2+ 29. Ke1 Rb2 30. Rb1 Rc2 31. Nxe4 Rdc6 32. Rxc6 Rxc6 33. Nd2
Rc2 34. Ra1 Rb2 35. a5 Rxb4 36. axb6 Rxb6 37. Nc4 Rb4 38. Nd6+ Kf6 39. Rxa6 g4
40. Ra1 Nc5 41. Ra5 Rb1+ 42. Ke2 Rb2+ 43. Kd1 Ne4 44. Rxf5+ Ke6 45. Re5+ Kxe5
46. Nc4+ Kf5 47. Nxb2 Nxf2+ 48. Ke2 Ne4 49. Nc4 Nc5 50. Nd2 Nd7 51. Kd3 Ne5+
52. Kd4 Nc6+ 53. Kc5 Ne7 54. Kc4 Ke5 55. Kd3 Kf5 56. g3 Ng8 57. e4+ Ke6 58. Ke3
g5 59. Nc4 Ne7 60. Kd3 Nc6 61. Ke3 Ne7 62. Nb2 Nc8 63. Nd3 Nd6 64. Nf2 Nc4+ 65.
Kd4 Ne5 66. Ke3 Nc4+ 67. Ke2 Ne5 68. Nd3 Nf3 69. Kf2 Nd2 70. Ke3 Nf1+ 71. Kd4
Nxh2 72. Nc5+ Ke7 73. e5 Nf3+ 74. Kd5 Nh4 75. Ne4 Nf3 76. e6 Nh4 77. Ke5 Nf3+
78. Kd5 Nh2 79. Nxg5 Nf1 80. Ne4 Ne3+ 81. Kd4 Nc2+ 82. Ke5 Nb4 83. Ng5 Nc6+ 84.
Kf5 Nd4+ 85. Kxg4 Kf6 86. Kh5 Ne2 87. Kh4 Nd4 88. g4 Nc6 89. Kh5 Ne7 90. Kh6
Ng8+ 91. Kh7 Ne7 92. Nf3 Kxe6 93. Kg7 Nf5+ 94. Kh7 Kf6 95. g5+ Kf7 96. g6+ Kf6
97. Nd4 Ng7 98. Nb5 Ne8 1-0

[Event "22. Copenhagen Open  (Politiken Cup)"]
[Site "Copenhagen"]
[Date "2000.07.23"]
[Round "7"]
[White "Schandorff, Lars"]
[Black "Psakhis, Lev"]
[Result "1/2-1/2"]
[WhiteElo "2520"]
[BlackElo "2611"]
[PlyCount "31"]
[EventDate "2000.07.17"]
[EventType "swiss"]
[EventRounds "11"]
[EventCountry "DEN"]
[SourceDate "2004.01.01"]

1. c4 e5 2. g3 Nf6 3. Bg2 c6 4. d4 Bb4+ 5. Bd2 Bxd2+ 6. Qxd2 d6 7. Nc3 O-O 8.
e3 Nbd7 9. Nge2 Qe7 10. h3 Nb6 11. b3 e4 12. g4 d5 13. Ng3 Be6 14. c5 Nbd7 15.
O-O b6 16. b4 1/2-1/2

[Event "22. Copenhagen Open  (Politiken Cup)"]
[Site "Copenhagen"]
[Date "2000.07.23"]
[Round "7"]
[White "Schmied, Andreas"]
[Black "Jensen, Kasper Smith"]
[Result "1/2-1/2"]
[WhiteElo "2155"]
[BlackElo "2157"]
[PlyCount "54"]
[EventDate "2000.07.17"]
[EventType "swiss"]
[EventRounds "11"]
[EventCountry "DEN"]
[SourceDate "2004.01.01"]

1. d4 Nf6 2. c4 e6 3. Nc3 Bb4 4. Qc2 c5 5. dxc5 Qa5 6. Bd2 Qxc5 7. e3 d5 8. a3
Bxc3 9. Bxc3 Nbd7 10. Rc1 dxc4 11. Bb4 Qc6 12. Qxc4 Ne5 13. Qb5 Qxb5 14. Bxb5+
Bd7 15. Be2 Bc6 16. Nf3 Nxf3+ 17. gxf3 Nd5 18. Bc5 f6 19. O-O Kf7 20. Rfd1 Rhd8
21. Kf1 a6 22. Bd4 Rac8 23. b3 Ne7 24. Bb2 Rd5 25. Rxd5 Bxd5 26. Rxc8 Nxc8 27.
b4 Nd6 1/2-1/2

[Event "22. Copenhagen Open  (Politiken Cup)"]
[Site "Copenhagen"]
[Date "2000.07.23"]
[Round "7"]
[White "Schultz Pedersen, Jesper"]
[Black "Petersen, Nils"]
[Result "1/2-1/2"]
[WhiteElo "2215"]
[BlackElo "2038"]
[PlyCount "26"]
[EventDate "2000.07.17"]
[EventType "swiss"]
[EventRounds "11"]
[EventCountry "DEN"]
[SourceDate "2004.01.01"]

1. e4 c5 2. f4 d5 3. Nc3 e6 4. Nf3 Nf6 5. e5 Nfd7 6. b3 Be7 7. Bb2 g6 8. Qe2 a6
9. Nd1 b5 10. Nf2 h5 11. g3 Bb7 12. h3 Nc6 13. Rg1 Qb6 1/2-1/2

[Event "22. Copenhagen Open  (Politiken Cup)"]
[Site "Copenhagen"]
[Date "2000.07.23"]
[Round "7"]
[White "Schonberg, Pauli"]
[Black "Trarup, Jorgen"]
[Result "1/2-1/2"]
[WhiteElo "1504"]
[BlackElo "1309"]
[PlyCount "110"]
[EventDate "2000.07.17"]
[EventType "swiss"]
[EventRounds "11"]
[EventCountry "DEN"]
[SourceDate "2004.01.01"]

1. e4 c5 2. Nf3 Nc6 3. Nc3 e5 4. d3 d6 5. Nd5 h6 6. Qd2 Be6 7. Ne3 Be7 8. a3
Nf6 9. c3 Na5 10. Rb1 Nb3 11. Qc2 Ng4 12. Nxg4 Nxc1 13. Ngxe5 Nb3 14. Nc4 Bxc4
15. dxc4 Qb6 16. Be2 O-O 17. O-O Rae8 18. Rfe1 Bf6 19. Bd1 Na5 20. Qd3 Re7 21.
Bc2 Be5 22. Nh4 g6 23. g3 Re6 24. f4 Bf6 25. f5 Re5 26. Nf3 g5 27. Nxe5 Bxe5
28. Kg2 Nc6 29. Qe2 Qd8 30. f6 Qxf6 31. Rf1 Qg7 32. Rf2 f6 33. Qg4 Qf7 34. Bd3
Kg7 35. Bf1 Nd8 36. Be2 b6 37. h4 Ne6 38. Qf5 Nc7 39. hxg5 hxg5 40. Rh1 Qg6 41.
Qxg6+ Kxg6 42. Bg4 Kg7 43. Bf5 Rh8 44. Rxh8 Kxh8 45. Kf3 Ne8 46. Rh2+ Kg8 47.
Be6+ Kf8 48. Rh8+ Ke7 49. Bd5 Nc7 50. Rb8 Nxd5 51. cxd5 Kd7 52. Rb7+ Ke8 53.
Rxa7 Kf8 54. Rh7 Kg8 55. Rh1 Kg7 1/2-1/2

[Event "22. Copenhagen Open  (Politiken Cup)"]
[Site "Copenhagen"]
[Date "2000.07.23"]
[Round "7"]
[White "Tornerup, John"]
[Black "Hansen, Henrik Damgaard"]
[Result "0-1"]
[WhiteElo "2020"]
[BlackElo "1508"]
[PlyCount "102"]
[EventDate "2000.07.17"]
[EventType "swiss"]
[EventRounds "11"]
[EventCountry "DEN"]
[SourceDate "2004.01.01"]

1. c4 Nf6 2. Nc3 g6 3. d4 e6 4. Nf3 c5 5. d5 exd5 6. cxd5 d6 7. e4 a6 8. a4 Bg7
9. h3 O-O 10. Be3 Re8 11. Nd2 Qe7 12. Be2 Nbd7 13. O-O Rf8 14. Qc2 Ne8 15. Rfe1
f5 16. exf5 Rxf5 17. Bg4 Rf8 18. Be6+ Kh8 19. f4 Qd8 20. Nf3 Ndf6 21. Ng5 Qc7
22. Bxc8 Qxc8 23. Ne6 Rf7 24. f5 gxf5 25. Qxf5 Qd7 26. Nxg7 Rxg7 27. Qxd7 Rxd7
28. Rf1 Kg7 29. Bg5 Kg6 30. Bh4 Rf7 31. Rf4 Rd8 32. Raf1 Rdd7 33. g4 h6 34. Kg2
Ng8 35. Rxf7 Rxf7 36. Rxf7 Kxf7 37. Ne4 Ne7 38. Bxe7 Kxe7 39. Ng3 Ng7 40. a5
Kf6 41. Ne4+ Ke5 42. Nc3 Ne8 43. Kf3 Nc7 44. h4 Nb5 45. Ke3 Nd4 46. h5 c4 47.
Ne2 Nxe2 48. Kxe2 Kf4 49. g5 Kxg5 50. Kf3 Kxh5 51. Kf4 Kg6 0-1

[Event "22. Copenhagen Open  (Politiken Cup)"]
[Site "Copenhagen"]
[Date "2000.07.23"]
[Round "7"]
[White "Ward, Christopher"]
[Black "Tozer, Richard"]
[Result "1/2-1/2"]
[WhiteElo "2508"]
[BlackElo "2317"]
[PlyCount "100"]
[EventDate "2000.07.17"]
[EventType "swiss"]
[EventRounds "11"]
[EventCountry "DEN"]
[SourceDate "2004.01.01"]

1. d4 Nf6 2. c4 e5 3. dxe5 Ne4 4. Nf3 Bb4+ 5. Nbd2 Nc6 6. a3 Bxd2+ 7. Nxd2 Nxd2
8. Bxd2 Nxe5 9. Bc3 Qe7 10. Qd4 f6 11. e3 b6 12. Be2 Bb7 13. O-O a5 14. Bh5+
Nf7 15. b4 axb4 16. axb4 O-O 17. c5 bxc5 18. bxc5 Rxa1 19. Rxa1 Ra8 20. Rxa8+
Bxa8 21. Qb4 Bc6 22. Qb8+ Qf8 23. Qa7 Ng5 24. Qxc7 Qxc5 25. Qd8+ Qf8 26. Qxf8+
Kxf8 27. Bb4+ Kg8 28. Bd1 f5 29. Bb3+ Ne6 30. f3 Kf7 31. Kf2 g6 32. h3 h5 33.
Kg3 Kf6 34. Bc3+ Kf7 35. Kh4 Bb7 36. Ba4 Ke8 37. Bb4 Bd5 38. Bc2 Kf7 39. Bd6
Bc6 40. Bd1 Bd5 41. Ba4 Ke8 42. Bd1 Kf7 43. g4 hxg4 44. hxg4 Bc6 45. f4 fxg4
46. Kxg4 Be4 47. Ba4 Ke8 48. Bb5 Kd8 49. Bc4 Ke8 50. Bxe6 dxe6 1/2-1/2

[Event "22. Copenhagen Open  (Politiken Cup)"]
[Site "Copenhagen"]
[Date "2000.07.23"]
[Round "7"]
[White "Wiman, Kenneth"]
[Black "Jorgensen, Brian"]
[Result "0-1"]
[WhiteElo "1895"]
[BlackElo "2227"]
[PlyCount "82"]
[EventDate "2000.07.17"]
[EventType "swiss"]
[EventRounds "11"]
[EventCountry "DEN"]
[SourceDate "2004.01.01"]

1. e4 c5 2. Nf3 Nc6 3. Nc3 e6 4. d4 cxd4 5. Nxd4 Nf6 6. Ndb5 d6 7. Bf4 e5 8.
Bg5 a6 9. Na3 b5 10. Bxf6 gxf6 11. Nd5 Bg7 12. Bd3 Ne7 13. Nxe7 Qxe7 14. c3 f5
15. Nc2 O-O 16. Ne3 f4 17. Nd5 Qh4 18. Be2 Bb7 19. O-O Kh8 20. Bf3 Rae8 21. a4
bxa4 22. Rxa4 Re6 23. g3 Qg5 24. Rb4 Bc6 25. b3 Rh6 26. Bg2 Rg8 27. Rb6 Bd7 28.
c4 Bf8 29. Qd3 Qh5 30. h4 Qg6 31. Qf3 a5 32. Kh2 Bg4 33. Qc3 Qg7 34. Bh3 Bxh3
35. Kxh3 Rxh4+ 36. Kg2 Qg4 37. Rh1 Rxh1 38. Kxh1 Qh3+ 39. Kg1 fxg3 40. Qxg3
Rxg3+ 41. fxg3 Qxg3+ 0-1

[Event "22. Copenhagen Open  (Politiken Cup)"]
[Site "Copenhagen"]
[Date "2000.07.23"]
[Round "7"]
[White "Zyde, Fadmal"]
[Black "Jorgensen, Morten S"]
[Result "1-0"]
[WhiteElo "1619"]
[BlackElo "1223"]
[PlyCount "43"]
[EventDate "2000.07.17"]
[EventType "swiss"]
[EventRounds "11"]
[EventCountry "DEN"]
[SourceDate "2004.01.01"]

1. e4 c5 2. Nf3 e6 3. d4 cxd4 4. Nxd4 a6 5. a3 Qc7 6. Nc3 Nc6 7. Nxc6 Qxc6 8.
Bd3 Bc5 9. O-O Qd6 10. Qg4 g6 11. Ne2 Nf6 12. Qh4 e5 13. Bg5 Ng8 14. Rad1 Qc6
15. Kh1 h6 16. b4 Be7 17. Bxe7 Nxe7 18. f4 d6 19. fxe5 dxe5 20. Rf6 Be6 $11 21.
Qg3 Qd6 22. Bb5+ 1-0

[Event "22. Copenhagen Open  (Politiken Cup)"]
[Site "Copenhagen"]
[Date "2000.07.23"]
[Round "7"]
[White "Osttveit, Martin"]
[Black "Bekker Jensen, Simon"]
[Result "0-1"]
[WhiteElo "2079"]
[BlackElo "2388"]
[PlyCount "56"]
[EventDate "2000.07.17"]
[EventType "swiss"]
[EventRounds "11"]
[EventCountry "DEN"]
[SourceDate "2004.01.01"]

1. e4 c5 2. Nc3 Nc6 3. f4 g6 4. Nf3 Bg7 5. Bb5 Nd4 6. Bd3 d6 7. Nxd4 cxd4 8.
Ne2 Nf6 9. c3 dxc3 10. dxc3 O-O 11. h3 b5 12. Be3 Bb7 13. Qb1 a6 14. O-O Nd7
15. h4 Nf6 16. Bd4 e5 17. fxe5 Ng4 18. g3 Bxe5 19. Nf4 Bxd4+ 20. cxd4 Qb6 21.
Ne2 Rae8 22. Rf4 f5 23. Qc2 {[#]} fxe4 24. Rxg4 exd3 25. Qxd3 Bf3 26. Rxg6+ Kh8
27. Rh6 Qb7 28. Nc3 Qg7 0-1

[Event "22. Copenhagen Open  (Politiken Cup)"]
[Site "Copenhagen"]
[Date "2000.07.25"]
[Round "8"]
[White "Adamski, Jan"]
[Black "Christensen, Jan N"]
[Result "1-0"]
[WhiteElo "2381"]
[BlackElo "2139"]
[PlyCount "37"]
[EventDate "2000.07.17"]
[EventType "swiss"]
[EventRounds "11"]
[EventCountry "DEN"]
[SourceDate "2004.01.01"]

1. Nf3 f5 2. g3 Nf6 3. Bg2 e6 4. O-O Be7 5. c4 O-O 6. Nc3 d6 7. d4 Qe8 8. b3
Nc6 9. d5 exd5 10. cxd5 Ne5 11. Nd4 Qh5 12. f4 Neg4 13. h3 Nh6 14. Qd3 Ne4 15.
g4 fxg4 16. Bxe4 gxh3 17. Bxh7+ Kh8 18. Kh1 Bh4 19. Qg6 1-0

[Event "22. Copenhagen Open  (Politiken Cup)"]
[Site "Copenhagen"]
[Date "2000.07.25"]
[Round "8"]
[White "Al Saad, Mofid"]
[Black "Auchenberg, Einar"]
[Result "1-0"]
[WhiteElo "1496"]
[BlackElo "1692"]
[PlyCount "63"]
[EventDate "2000.07.17"]
[EventType "swiss"]
[EventRounds "11"]
[EventCountry "DEN"]
[SourceDate "2004.01.01"]

1. c4 Nc6 2. d4 e5 3. d5 Nce7 4. Nc3 d6 5. Bg5 h6 6. Bd2 f5 7. e4 f4 8. g3 Ng6
9. Be2 Nf6 10. Bh5 Nxh5 11. Qxh5 Qg5 12. Qe2 Be7 13. O-O-O O-O 14. h4 Qf6 15.
h5 f3 16. Qe3 Nh8 17. Nh3 Bxh3 18. Rxh3 Nf7 19. Rh4 Ng5 20. Rdh1 a6 21. Qd3 Qf7
22. Nd1 Nh7 23. Rg4 Ng5 24. Ne3 Qe8 25. Nf5 Rxf5 26. exf5 e4 27. Rxe4 Nxe4 28.
Qxe4 Qa4 29. Qxe7 Re8 30. Qxc7 Qxa2 31. Bc3 Qa1+ 32. Kd2 1-0

[Event "22. Copenhagen Open  (Politiken Cup)"]
[Site "Copenhagen"]
[Date "2000.07.25"]
[Round "8"]
[White "Andreasen, Per Naesby"]
[Black "Andersen, Tom Juul"]
[Result "1/2-1/2"]
[WhiteElo "2293"]
[BlackElo "2106"]
[PlyCount "100"]
[EventDate "2000.07.17"]
[EventType "swiss"]
[EventRounds "11"]
[EventCountry "DEN"]
[SourceDate "2004.01.01"]

1. c4 Nf6 2. Nf3 c5 3. g3 g6 4. Bg2 Bg7 5. O-O O-O 6. Nc3 d5 7. cxd5 Nxd5 $11
8. Nxd5 Qxd5 9. d3 Qd6 10. Bf4 e5 11. Be3 Na6 12. Rc1 Rb8 13. Nd2 b6 14. f4 Qe7
15. Nc4 Bb7 16. fxe5 Bxg2 17. Kxg2 b5 18. Na5 Bxe5 19. Rf3 Rfc8 20. Qd2 Nb4 21.
Bxc5 Rxc5 22. Qxb4 Bd6 23. Rxc5 Bxc5 24. Qe4 Qc7 25. Nb3 Bb6 26. d4 Qd7 27. Nc5
Bxc5 28. dxc5 Re8 29. Qd3 Qe6 30. Qxb5 a6 31. Qd3 Qxa2 32. Re3 Rxe3 33. Qxe3
Qxb2 34. c6 Kg7 35. Qd3 a5 36. Qc4 a4 37. c7 Qb7+ 38. Kf2 Qc8 39. Qd4+ f6 40.
Qd8 Qf5+ 41. Ke3 Qc5+ 42. Kd3 Qb5+ 43. Kd4 Qe5+ 44. Kc4 Qxe2+ 45. Kc5 Qc2+ 46.
Kb6 Qb3+ 47. Ka7 Qe3+ 48. Kb7 Qe4+ 49. Kc8 Qa8+ 50. Kd7 Qd5+ 1/2-1/2

[Event "22. Copenhagen Open  (Politiken Cup)"]
[Site "Copenhagen"]
[Date "2000.07.25"]
[Round "8"]
[White "Antonsen, Mikkel"]
[Black "Hvenekilde, Jorgen"]
[Result "1/2-1/2"]
[WhiteElo "2377"]
[BlackElo "2260"]
[PlyCount "149"]
[EventDate "2000.07.17"]
[EventType "swiss"]
[EventRounds "11"]
[EventCountry "DEN"]
[SourceDate "2004.01.01"]

1. d4 d5 2. Nf3 Nc6 3. c4 Bg4 4. Nc3 e6 5. e3 a6 6. Be2 dxc4 7. Bxc4 Nf6 8. h3
Bf5 9. O-O Be7 10. Nh4 Bg6 11. Be2 Qd7 12. Bf3 Nd5 13. Nxg6 hxg6 14. Bd2 f5 15.
Re1 Nf6 16. Qb3 Na5 17. Qa4 Nc6 18. Rac1 g5 19. Bxc6 Qxc6 20. Qxc6+ bxc6 21.
Na4 Kd7 22. Rc2 a5 23. f3 g4 24. hxg4 fxg4 25. Nc5+ Bxc5 26. Rxc5 gxf3 27. gxf3
Rh5 28. Rxh5 Nxh5 29. Kf2 Nf6 30. Rg1 Ne8 31. a4 c5 32. dxc5 Kc6 33. Rg5 Rb8
34. Bc3 Nf6 35. Rxg7 Nd7 36. Kg3 Nxc5 37. Rg4 Rd8 38. Rc4 Rg8+ 39. Kf2 Kd5 40.
Rd4+ Kc6 41. e4 Kb6 42. b4 Na6 43. b5 Nb8 44. Ke3 Re8 45. Rd2 Re7 46. f4 Nd7
47. Rc2 Rh7 48. Bd4+ Kb7 49. Rc6 Rh3+ 50. Kd2 Rh2+ 51. Kc3 Rh3+ 52. Kc2 Rf3 53.
Rxe6 Rxf4 54. Re7 Kc8 55. Re8+ Kb7 56. Re7 Kc8 57. Re8+ Kb7 58. Rd8 Nb6 59.
Bxb6 Kxb6 60. Kd3 Rf3+ 61. Kc4 Ra3 62. e5 Rxa4+ 63. Kd5 Ra1 64. Rb8+ Ka7 65.
Rh8 Kb6 66. e6 Rd1+ 67. Ke5 Kxb5 68. e7 Re1+ 69. Kf6 Kc4 70. e8=Q Rxe8 71. Rxe8
a4 72. Ke5 a3 73. Ke4 Kc3 74. Ke3 a2 75. Ra8 1/2-1/2

[Event "22. Copenhagen Open  (Politiken Cup)"]
[Site "Copenhagen"]
[Date "2000.07.25"]
[Round "8"]
[White "Auchenberg, Per"]
[Black "Nielsen, Rune"]
[Result "1-0"]
[WhiteElo "2006"]
[BlackElo "1611"]
[PlyCount "81"]
[EventDate "2000.07.17"]
[EventType "swiss"]
[EventRounds "11"]
[EventCountry "DEN"]
[SourceDate "2004.01.01"]

1. f4 d5 2. Nf3 Nf6 3. b3 Bg4 4. Ne5 Bf5 5. e3 h5 6. Bb2 Nbd7 7. d3 e6 8. Nf3
Bc5 9. Qe2 O-O 10. Nbd2 c6 11. e4 dxe4 12. dxe4 Bg6 13. h3 Qc7 14. g3 Rfe8 15.
Bg2 a5 16. a4 b5 17. Nh4 bxa4 18. Rxa4 e5 19. f5 Bh7 20. g4 Nb6 21. Ra1 hxg4
22. hxg4 Nfd7 23. g5 Kf8 24. Qh5 Ke7 25. Qxh7 Be3 26. Ndf3 a4 27. f6+ gxf6 28.
Nf5+ Kd8 29. Nxe3 Qa7 30. Kf2 c5 31. Qxf7 Rc8 32. Rh7 c4 33. gxf6 cxb3 34. cxb3
Rf8 35. Qe7+ Kc7 36. Bxe5+ Kb7 37. Qxd7+ Nxd7 38. Rxd7+ Ka8 39. Rxa7+ Kxa7 40.
Rxa4+ Kb7 41. Nc4 1-0

[Event "22. Copenhagen Open  (Politiken Cup)"]
[Site "Copenhagen"]
[Date "2000.07.25"]
[Round "8"]
[White "Bekker Jensen, Simon"]
[Black "Palo, Davor"]
[Result "1/2-1/2"]
[WhiteElo "2388"]
[BlackElo "2213"]
[PlyCount "133"]
[EventDate "2000.07.17"]
[EventType "swiss"]
[EventRounds "11"]
[EventCountry "DEN"]
[SourceDate "2004.01.01"]

1. d4 Nf6 2. c4 e6 3. Nc3 Bb4 4. e3 d5 5. Qa4+ Nc6 6. a3 Be7 7. Nf3 Bd7 8. Qc2
O-O 9. Bd3 dxc4 10. Bxc4 Bd6 11. O-O e5 12. dxe5 Nxe5 13. Nxe5 Bxe5 14. h3 Qe7
15. Nd5 Nxd5 16. Bxd5 c6 17. Bc4 Rad8 18. f4 Bf6 19. e4 Bd4+ 20. Kh2 b5 21. Be2
c5 22. Bd2 Bc6 23. Bf3 Rfe8 24. Rae1 Qe6 25. Ba5 Rb8 26. Bc3 Qc4 27. Be2 Bxe4
28. Bxc4 Bxc2 29. Bxb5 Rxe1 30. Rxe1 Kf8 31. Bc4 f5 32. Bd5 Rd8 33. Rc1 Bxc3
34. bxc3 Bd3 35. c4 Be4 36. Bxe4 fxe4 37. Rb1 Rd4 38. Rb8+ Kf7 39. Rb7+ Kf6 40.
Kg3 Rxc4 41. Rxa7 Rc2 42. a4 h5 43. h4 g6 44. a5 Ra2 45. a6 Ke6 46. Rg7 c4 47.
Rxg6+ Kd5 48. Rh6 c3 49. Rxh5+ Kd4 50. Rh6 c2 51. Rc6 Kd3 52. Rd6+ Ke2 53. Rc6
Kd2 54. Rd6+ Ke1 55. Rc6 Ra3+ 56. Kg4 Kd2 57. Rd6+ Ke2 58. Rc6 Kd2 59. Rd6+ Ke1
60. Rc6 Kd1 61. Rd6+ Rd3 62. Rxd3+ exd3 63. a7 c1=Q 64. a8=Q d2 65. Qf3+ Kc2
66. Qe4+ Kb2 67. Qb4+ 1/2-1/2

[Event "22. Copenhagen Open  (Politiken Cup)"]
[Site "Copenhagen"]
[Date "2000.07.25"]
[Round "8"]
[White "Bogdanov, Dimitri"]
[Black "Rasmussen, Uffe"]
[Result "1/2-1/2"]
[WhiteElo "2093"]
[BlackElo "1884"]
[PlyCount "100"]
[EventDate "2000.07.17"]
[EventType "swiss"]
[EventRounds "11"]
[EventCountry "DEN"]
[SourceDate "2004.01.01"]

1. e4 c5 2. Nc3 Nc6 3. f4 g6 4. Nf3 Bg7 5. Bb5 Nd4 6. O-O a6 7. Bd3 d6 8. Nxd4
cxd4 9. Ne2 Nf6 10. Qe1 O-O 11. h3 e5 12. Ng3 exf4 13. Rxf4 Nd7 14. Bc4 Ne5 15.
Bb3 d3 16. Rf1 Be6 17. Bxe6 fxe6 18. Rxf8+ Qxf8 19. c3 Bh6 20. b3 Qe7 21. Ba3
Rf8 22. c4 Bf4 23. Nf1 Qg5 24. Kh1 Nc6 25. Bb2 h5 26. Bc3 h4 27. Rd1 Qh5 28.
Rb1 g5 29. Qd1 Qxd1 30. Rxd1 Be5 $11 31. Kg1 Rf4 32. Re1 Bd4+ 33. Kh1 Bf2 34.
Rd1 Rxe4 35. Nh2 Ne5 36. Bxe5 Rxe5 37. Nf3 Rf5 38. Ne1 Bxe1 39. Rxe1 Rf2 40.
Rxe6 Rxd2 41. Rxd6 Rd1+ 42. Kh2 d2 43. c5 $11 a5 44. a3 Kf7 45. b4 axb4 46.
axb4 Ke7 47. Rd3 Ke6 48. b5 Rb1 49. Rxd2 Rxb5 50. Rd6+ Ke5 1/2-1/2

[Event "22. Copenhagen Open  (Politiken Cup)"]
[Site "Copenhagen"]
[Date "2000.07.25"]
[Round "8"]
[White "Brynell, Stellan"]
[Black "Baburin, Alexander"]
[Result "1-0"]
[WhiteElo "2484"]
[BlackElo "2590"]
[PlyCount "73"]
[EventDate "2000.07.17"]
[EventType "swiss"]
[EventRounds "11"]
[EventCountry "DEN"]
[SourceDate "2004.01.01"]

1. e4 Nf6 2. e5 Nd5 3. d4 d6 4. c4 Nb6 5. exd6 exd6 6. Nc3 Be7 7. Be2 O-O 8.
Nf3 Bg4 9. O-O Nc6 10. b3 Bf6 11. Be3 d5 12. c5 Nc8 13. h3 Be6 14. Qd2 b6 15.
Na4 Bd7 16. Rac1 Re8 17. Rfe1 N8e7 18. g4 h6 19. b4 Ng6 20. a3 Nxd4 21. Nxd4
Bxa4 22. b5 bxc5 23. Rxc5 a6 24. bxa6 Qd6 25. Nf5 Qe6 26. Qxd5 Qxd5 27. Rxd5
Bg5 28. Kf1 c6 29. Ra5 Bb3 30. Rc1 Bd5 31. Bc4 Ne5 32. Bxd5 cxd5 33. f4 g6 34.
Nd6 Nc4 {[#]} 35. Rxc4 Rxe3 36. Rc8+ Rxc8 37. Nxc8 1-0